000
00269 a2200097 4500
001
36626
100
_a
Abdul Hafiz Siddiqui
245
_a
Defence year book the development of soul personality
260
_a
Pakistan
_b
Educational press Karachi
_c
090
_c
23676
_d
23676
942
_a
NUST-CAE
_c
M
_c
15198
999
_c
271699
_d
271699